Länder in den Alpen - Statistiken

Allgemein
  • Dieses Quiz wurde 111 mal gespielt
  • Das Durchschnittsergebnis liegt bei 8 aus 8
Antwortstatistiken
Land % Korrekt
Deutschland
99%
Frankreich
99%
Schweiz
99%
Liechtenstein
98%
Österreich
98%
Italien
97%
Slowenien
93%
Monaco
76%
Keine übereinstimmenden Quizze gefunden
Verteilung der Resultate
Anzahl Personen mit jedem Resultat
Perzentil nach korrekt beantworteten Fragen
Ihre Resultats-Entwicklung
Sie haben dieses Quiz noch nicht gespielt